-
VED,DR.AKASH & HANDE, DR. RUPALI AMOL AND GARG, MR. NAVEEN
Entry Personal Name
Number of records used in: 1
001 - CONTROL NUMBER
003 - CONTROL NUMBER IDENTIFIER
005 - DATE AND TIME OF LATEST TRANSACTION
- control field:
20240919153827.0
008 - FIXED-LENGTH DATA ELEMENTS
- fixed length control field:
240919|| aca||aabn | a|a d
040 ## - CATALOGING SOURCE
- Original cataloging agency:
JRU
- Transcribing agency:
JRU
100 ## - HEADING--PERSONAL NAME
- Personal name:
VED,DR.AKASH & HANDE, DR. RUPALI AMOL AND GARG, MR. NAVEEN
670 ## - SOURCE DATA FOUND
- Source citation:
Work cat.: (JRU)8689: VED,DR.AKASH & HANDE, DR. RUPALI AMOL AND GARG, MR. NAVEEN, COMMUNITY PHARMACY & MANAGEMENT [D.PHARMA, 2ND YEAR]